<?xml version="1.0" encoding="UTF-8"?>
<record
    xmlns:xsi="http://www.w3.org/2001/XMLSchema-instance"
    xsi:schemaLocation="http://www.loc.gov/MARC21/slim http://www.loc.gov/standards/marcxml/schema/MARC21slim.xsd"
    xmlns="http://www.loc.gov/MARC21/slim">

  <leader>00545nam a22001697a 4500</leader>
  <controlfield tag="003">OSt</controlfield>
  <controlfield tag="005">20120302144111.0</controlfield>
  <controlfield tag="008">090227t        xxu||||| |||| 00| 0 eng d</controlfield>
  <datafield tag="035" ind1=" " ind2=" ">
    <subfield code="a">&#x96C;&#x966;&#x96B;</subfield>
  </datafield>
  <datafield tag="040" ind1=" " ind2=" ">
    <subfield code="c">&#x92E;&#x930;&#x93E;&#x920;&#x940;</subfield>
  </datafield>
  <datafield tag="100" ind1=" " ind2=" ">
    <subfield code="a">&#x92C;&#x93E;&#x902;&#x926;&#x947;&#x915;&#x930;, &#x926;&#x924;&#x94D;&#x924;&#x942;</subfield>
    <subfield code="9">1310</subfield>
  </datafield>
  <datafield tag="245" ind1=" " ind2=" ">
    <subfield code="a">&#x906;&#x902;&#x935;&#x933;&#x94D;&#x92F;&#x93E; &#x92D;&#x94B;&#x92A;&#x933;&#x94D;&#x92F;&#x93E;&#x902;&#x91A;&#x940; &#x92E;&#x94B;&#x91F;</subfield>
  </datafield>
  <datafield tag="250" ind1=" " ind2=" ">
    <subfield code="a">&#x967; &#x932;&#x940;</subfield>
  </datafield>
  <datafield tag="260" ind1=" " ind2=" ">
    <subfield code="a">&#x92E;&#x941;&#x902;&#x92C;&#x908; </subfield>
    <subfield code="b">&#x936;&#x947;&#x920; &#x92D;&#x917;&#x935;&#x93E;&#x928;&#x926;&#x93E;&#x938; &#x939;&#x93F;&#x930;&#x91C;&#x940;</subfield>
    <subfield code="c">&#x967;&#x96F;&#x96B;&#x96E;</subfield>
  </datafield>
  <datafield tag="300" ind1=" " ind2=" ">
    <subfield code="b">&#x967;&#x96B;&#x96E; &#x92A;&#x93E;&#x928;&#x947; </subfield>
  </datafield>
  <datafield tag="942" ind1=" " ind2=" ">
    <subfield code="2">ddc</subfield>
    <subfield code="c">BOOK</subfield>
  </datafield>
  <datafield tag="999" ind1=" " ind2=" ">
    <subfield code="c">486536</subfield>
    <subfield code="d">486533</subfield>
  </datafield>
  <datafield tag="952" ind1=" " ind2=" ">
    <subfield code="0">0</subfield>
    <subfield code="1">0</subfield>
    <subfield code="2">ddc</subfield>
    <subfield code="4">0</subfield>
    <subfield code="7">0</subfield>
    <subfield code="a">BVM</subfield>
    <subfield code="b">BVM</subfield>
    <subfield code="d">2009-02-27</subfield>
    <subfield code="g">0.00</subfield>
    <subfield code="l">0</subfield>
    <subfield code="p">&#x96C;&#x966;&#x96B;</subfield>
    <subfield code="r">2010-03-19 00:00:00</subfield>
    <subfield code="w">2010-03-19</subfield>
  </datafield>
</record>
